Economics (Record no. 154592)
[ view plain ]
| 000 -LEADER | |
|---|---|
| fixed length control field | 00254nam a2200109Ia 4500 |
| 008 - FIXED-LENGTH DATA ELEMENTS--GENERAL INFORMATION | |
| fixed length control field | 230411s9999 xx 000 0 und d |
| 041 ## - LANGUAGE CODE | |
| Language code of text/sound track or separate title | eng |
| 082 ## - DEWEY DECIMAL CLASSIFICATION NUMBER | |
| Classification number | EC/330/LIP/B03780 |
| 100 ## - MAIN ENTRY--PERSONAL NAME | |
| Personal name | Lipsey |
| 9 (RLIN) | 109168 |
| 245 ## - TITLE STATEMENT | |
| Title | Economics |
| Withdrawn status | Lost status | Damaged status | Not for loan | Collection code | Home library | Current library | Date acquired | Vendor | Cost, normal purchase price | Bill number | Total Checkouts | Full call number | Barcode | Date last seen | Cost, replacement price | Bill Date | Koha item type | Original Barcode |
|---|---|---|---|---|---|---|---|---|---|---|---|---|---|---|---|---|---|---|
| Smt. Bakul Tambat Institute of Nursing Education | Smt. Bakul Tambat Institute of Nursing Education | 10/10/2006 | Dimond Book Pune. | 275.00 | 5986 | EC 330 LIP B03780 | BTIN-BK-3780 | 11/04/2023 | 234.00 | 10/10/2006 | Books | B03780 |